All Faker champions - Statistiques

Statistiques générales
  • Ce quiz a été pris 90 fois
  • Le résultat moyen est 32 sur 87
Statistiques - réponses
Game Play Champ Name % Correct
186 Azir
91%
12 Zed
88%
68 Ahri
85%
58 Galio
85%
96 Orianna
79%
17 Yasuo
79%
62 Leblanc
70%
35 Akali
67%
27 Sylas
67%
50 Viktor
67%
13 Syndra
61%
12 Annie
58%
77 Ryze
58%
26 Tristana
58%
80 Corki
55%
1 Lux
55%
10 Anivia
52%
16 Jayce
48%
4 Katarina
48%
10 Nidalee
48%
32 Twisted Fate
48%
32 Cassiopeia
45%
51 Taliyah
45%
3 Varus
45%
2 Aurelion Sol
42%
3 Hwei
42%
38 Lulu
42%
4 Veigar
42%
3 Ziggs
42%
3 Aurora
39%
11 Ezreal
39%
26 Karma
39%
2 Lee Sin
39%
10 Fizz
36%
2 Kai'sa
36%
49 Lissandra
36%
10 Malzahar
36%
3 Qiyana
36%
5 Talon
36%
8 Xerath
36%
1 Ambessa
33%
1 Caitlyn
33%
8 Ekko
33%
11 Irelia
33%
1 Pantheon
33%
8 Renekton
33%
33 Zoe
33%
1 Darius
30%
32 Kassadin
30%
7 Ksante
30%
11 Lucian
30%
5 Nautilus
30%
23 Neeko
30%
2 Ornn
30%
6 Riven
30%
2 Nasus
27%
1 Olaf
27%
3 Vel'koz
27%
1 Zac
27%
4 Diana
24%
16 Gragas
24%
7 Seraphine
24%
2 Aatrox
21%
2 Jax
21%
2 Smolder
21%
9 Vladimir
21%
4 Gangplank
18%
1 Kayle
18%
3 Mordekaiser
18%
1 Quinn
18%
6 Rumble
18%
5 Sett
18%
2 Sion
18%
7 Swain
18%
5 Vex
18%
10 Zilean
18%
2 Camille
15%
4 Kog'maw
15%
1 Poppy
15%
2 Taric
15%
6 Urgot
15%
7 Karthus
12%
2 Master Yi
12%
1 Singed
12%
1 Tryndamere
12%
4 Nocturne
9%
2 Kha'zik
3%
Aucun quiz correspondant
Distribution des résultats
% des personnes avec chaque résultat
Percentile par nombre de réponses
Votre historique - résultats
Vous n’avez pas pris ce quiz